LIBRARY & INFORMATION CENTRE, KCAET, TAVANUR

ONLINE PUBLIC ACCESS CATALOGUE (OPAC)

Development of an Automatic Cleaning Mechanism for Roof Water Harvesting (Record no. 14777)

MARC details
000 -LEADER
fixed length control field 02681nam a22001817a 4500
003 - CONTROL NUMBER IDENTIFIER
control field OSt
088 ## - REPORT NUMBER
Report number T 350
100 ## - MAIN ENTRY--AUTHOR NAME
Personal name Lakshminarayana S.V
245 ## - TITLE STATEMENT
Title Development of an Automatic Cleaning Mechanism for Roof Water Harvesting
260 ## - PUBLICATION, DISTRIBUTION, ETC. (IMPRINT)
Place of publication K.C.A.E.T Thavanur
Name of publisher DEPARTMENT OF LAND & WATER RESOURCES AND CONSERVATION ENGINEERING
300 ## - PHYSICAL DESCRIPTION
Number of Pages 82
650 ## - SUBJECT ADDED ENTRY--TOPICAL TERM
Topical Term Roof water Harvesting/ Automatic Cleaning Mechanism/ Water conservation/ Rooftop rain water/ Drinking Water/ Purification System/ Clogging Water/ Mesh Fitter/ Washing Mechanism/ Cleaning efficiency
700 ## - ADDED ENTRY--PERSONAL NAME
Personal name Dr. Sathian K.K (Gudie)
856 ## - ELECTRONIC LOCATION AND ACCESS
Uniform Resource Identifier https://drive.google.com/open?id=1sityMu2RbkRcASXW5ZqCRR_1S_Zf5Jow
942 ## - ADDED ENTRY ELEMENTS (KOHA)
Koha item type Theses
Holdings
Collection code Home library Current library Shelving location Full call number Accession Number Koha item type Public note
Reference KAUAET KAUAET Reference 631.75807 LAK/DE T 350 Theses M.Tech Thesis
free website counter